000 00503nam a22001697a 4500
005 20251108175640.0
008 250721s2007 xx 000 0 ara d
082 1 4 _a956.031/صلا
100 1 _aالصلابي، علي محمد
245 1 0 _aسيرة أبي بكر الصديق /
264 1 _aمصر :
_bدار ابن الجوزي،
_c2007.
300 _a360ص.
650 1 7 _aالتاريخ الاسلامي
650 1 7 _aخلافة ابي بكر 634-632
942 _2ddc
_cBK
999 _c139127
_d139127